[Event "11th Arad Open 2018"]
[Site "Arad"]
[Date "2018.08.12"]
[Round "9"]
[White "Toma, Radu-Cristian"]
[Black "Bucur, Denisa-Andreea"]
[Result "1-0"]
[WhiteElo "2354"]
[BlackElo "2077"]
[Annotator "NA"]
[PlyCount "89"]
[EventDate "2018.08.05"]
[EventType "swiss"]
[EventCountry "ROU"]
[SourceTitle "playchess.com"]
[Source "ChessBase"]
[SourceQuality "1"]
[TimeControl "40/5400+30:1800+30"]

1. Nf3 {[%emt 0:07:21]} d5 {[%emt 0:00:00]} 2. e3 {[%emt 0:00:15]} Nf6 {[%emt 0:00:25]} 3. c4 {[%emt 0:01:40]} dxc4 {[%emt 0:01:26]} 4. Bxc4 {[%emt 0:00:07]} e6 {[%emt 0:00:54]} 5. O-O {[%emt 0:00:40]} a6 {[%emt 0:01:27]} 6. Re1 {[%emt 0:08:13]} b5 {[%emt 0:01:40]} 7. Bf1 {[%emt 0:02:40]} Bb7 {[%emt 0:01:15]} 8. a4 {[%emt 0:00:17]} b4 {[%emt 0:02:29]} 9. d3 {[%emt 0:04:03]} c5 {[%emt 0:02:20]} 10. Nbd2 {[%emt 0:01:50]} Nbd7 {[%emt 0:02:07]} 11. a5 {[%emt 0:08:28]} Qc7 {[%emt 0:05:19]} 12. Nc4 {[%emt 0:02:09]} Be7 {[%emt 0:00:47]} 13. e4 {[%emt 0:05:41]} e5 {[%emt 0:03:44]} 14. b3 {[%emt 0:01:58]} O-O {[%emt 0:01:25]} 15. Bb2 {[%emt 0:02:41]} Bd6 {[%emt 0:00:13]} 16. Nh4 {[%emt 0:09:46]} Rfe8 {[%emt 0:05:45]} 17. Nxd6 {[%emt 0:14:27]} Qxd6 {[%emt 0:00:07]} 18. Nf5 {[%emt 0:00:27]} Qc7 {[%emt 0:00:41]} 19. h4 {[%emt 0:05:34]} Nf8 {[%emt 0:07:17]} 20. f4 {[%emt 0:01:05]} Ng6 {[%emt 0:00:36]} 21. g3 {[%emt 0:01:53]} exf4 {[%emt 0:08:15]} 22. Bxf6 {[%emt 0:03:16]} gxf6 {[%emt 0:00:25]} 23. h5 {[%emt 0:02:52]} fxg3 {[%emt 0:00:55]} 24. hxg6 {[%emt 0:01:10]} fxg6 {[%emt 0:00:18]} 25. Qg4 {[%emt 0:02:04]} Re5 {[%emt 0:04:51]} 26. d4 {[%emt 0:04:18]} cxd4 {[%emt 0:03:07]} 27. Rac1 {[%emt 0:00:13]} Rc5 {[%emt 0:05:28]} 28. Bc4+ {[%emt 0:01:08]} Kh8 {[%emt 0:02:53]} 29. Nxd4 {[%emt 0:00:26]} Qxa5 {[%emt 0:04:32]} 30. Qe6 {[%emt 0:04:11]} Qd8 {[%emt 0:00:56]} 31. Nf3 {[%emt 0:03:19]} Bc8 {[%emt 0:04:27]} 32. Qf7 {[%emt 0:00:05]} Bg4 {[%emt 0:00:26]} 33. Kg2 {[%emt 0:01:17]} Rc7 {[%emt 0:06:12]} 34. Qd5 {[%emt 0:00:24]} Rd7 {[%emt 0:00:42]} 35. Qc5 {[%emt 0:00:39]} Bxf3+ {[%emt 0:01:30]} 36. Kxf3 {[%emt 0:00:02]} Qc7 {[%emt 0:03:54]} 37. Bd5 {[%emt 0:01:09]} Qxc5 {[%emt 0:02:03]} 38. Rxc5 {[%emt 0:00:02]} Rad8 {[%emt 0:05:05]} 39. Bc4 {[%emt 0:00:23]} Rd1 {[%emt 0:03:06]} 40. Rxd1 {[%emt 0:00:00]} Rxd1 {[%emt 0:00:00]} 41. Kxg3 {[%emt 0:17:02]} Re1 {[%emt 0:19:28]} 42. Kf4 {[%emt 0:00:44]} g5+ {[%emt 0:00:49]} 43. Kf5 {[%emt 0:00:34]} g4 {[%emt 0:02:52]} 44. Kxf6 {[%emt 0:00:07]} h5 {[%emt 0:00:09]} 45. Kg6 {[%emt 0:00:05]} 1-0

[Event "11th Arad Open 2018"]
[Site "Arad"]
[Date "2018.08.12"]
[Round "9"]
[White "Posedaru, Bogdan"]
[Black "Isfan, Ioan-Marius"]
[Result "1-0"]
[WhiteElo "2326"]
[BlackElo "1933"]
[Annotator "NA"]
[PlyCount "69"]
[EventDate "2018.08.05"]
[EventType "swiss"]
[EventCountry "ROU"]
[SourceTitle "playchess.com"]
[Source "ChessBase"]
[SourceQuality "1"]
[TimeControl "40/5400+30:1800+30"]

1. d4 {[%emt 0:00:00]} Nf6 {[%emt 0:09:04]} 2. c4 {[%emt 0:00:00]} e6 {[%emt 0:00:05]} 3. Nc3 {[%emt 0:00:00]} Bb4 {[%emt 0:00:06]} 4. Qc2 {[%emt 0:00:00]} b6 {[%emt 0:00:06]} 5. e4 {[%emt 0:02:10]} O-O {[%emt 0:05:56]} 6. Bd3 {[%emt 0:03:27]} h6 {[%emt 0:10:37]} 7. Nge2 {[%emt 0:05:02]} Bb7 {[%emt 0:09:28]} 8. O-O {[%emt 0:01:06]} d6 {[%emt 0:01:53]} 9. f4 {[%emt 0:21:41]} Bxc3 {[%emt 0:01:19]} 10. bxc3 {[%emt 0:01:57]} c5 {[%emt 0:00:28]} 11. e5 {[%emt 0:05:21]} Ne8 {[%emt 0:00:19]} 12. Be3 {[%emt 0:01:20]} Nc6 {[%emt 0:10:49]} 13. Rad1 {[%emt 0:00:20]} Qc7 {[%emt 0:00:47]} 14. d5 {[%emt 0:07:26]} Ne7 {[%emt 0:00:38]} 15. Be4 {[%emt 0:02:20]} Rd8 {[%emt 0:00:22]} 16. dxe6 {[%emt 0:06:48]} fxe6 {[%emt 0:02:18]} 17. Ng3 {[%emt 0:00:04]} Bxe4 {[%emt 0:13:09]} 18. Qxe4 {[%emt 0:00:08]} g6 {[%emt 0:01:11]} 19. Qd3 {[%emt 0:03:12]} d5 {[%emt 0:14:39]} 20. cxd5 {[%emt 0:01:07]} Rxd5 {[%emt 0:00:06]} 21. Qe2 {[%emt 0:00:44]} Rxd1 {[%emt 0:02:34]} 22. Rxd1 {[%emt 0:01:34]} Nd5 {[%emt 0:01:18]} 23. Bd2 {[%emt 0:11:01]} c4 {[%emt 0:06:14]} 24. Rf1 {[%emt 0:01:57]} Ng7 {[%emt 0:00:50]} 25. Ne4 {[%emt 0:00:30]} b5 {[%emt 0:02:16]} 26. Qg4 {[%emt 0:01:24]} Kh7 {[%emt 0:00:17]} 27. Qh3 {[%emt 0:00:07]} Qb6+ {[%emt 0:02:55]} 28. Kh1 {[%emt 0:00:05]} Nh5 {[%emt 0:00:05]} 29. Qh4 {[%emt 0:02:13]} a5 {[%emt 0:02:08]} 30. g4 {[%emt 0:07:56]} Rxf4 {[%emt 0:00:47]} 31. Bxf4 {[%emt 0:01:03]} Nhxf4 {[%emt 0:00:05]} 32. Rxf4 {[%emt 0:02:36]} Qc6 {[%emt 0:01:44]} 33. Rf7+ {[%emt 0:01:35]} Kg8 {[%emt 0:00:05]} 34. Rf3 {[%emt 0:00:36]} g5 {[%emt 0:01:43]} 35. Qxh6 {[%emt 0:00:21]} 1-0

[Event "11th Arad Open 2018"]
[Site "Arad"]
[Date "2018.08.12"]
[Round "9"]
[White "Vasiesiu, Victor"]
[Black "Aczel, Gergely"]
[Result "0-1"]
[WhiteElo "2297"]
[BlackElo "2551"]
[Annotator "ChessBase"]
[PlyCount "180"]
[EventDate "2018.08.05"]
[EventType "swiss"]
[EventCountry "ROU"]
[SourceTitle "playchess.com"]
[Source "ChessBase"]
[SourceQuality "1"]
[TimeControl "40/5400+30:1800+30"]

1. e4 {[%emt 0:00:00]} c5 {[%emt 0:04:45]} 2. Nf3 {[%emt 0:00:00]} d6 {[%emt 0:00:12]} 3. d4 {[%emt 0:00:00]} cxd4 {[%emt 0:00:04]} 4. Nxd4 {[%emt 0:00:00]} Nf6 {[%emt 0:00:05]} 5. Nc3 {[%emt 0:00:00]} e6 {[%emt 0:00:04]} 6. Be3 {[%emt 0:00:09]} a6 {[%emt 0:02:00]} 7. f3 {[%emt 0:00:06]} b5 {[%emt 0:00:25]} 8. Qd2 {[%emt 0:01:33]} Bb7 {[%emt 0:00:32]} 9. g4 {[%emt 0:00:41]} Nfd7 {[%emt 0:10:36]} 10. a3 Nb6 {[%emt 0:04:36]} 11. O-O-O {[%emt 0:13:57]} N8d7 {[%emt 0:00:07]} 12. Nb3 {[%emt 0:05:30]} Rc8 {[%emt 0:01:33]} 13. Na5 {[%emt 0:01:05]} Ba8 {[%emt 0:00:33]} 14. Bf4 {[%emt 0:20:01]} d5 {[%emt 0:13:42]} 15. Kb1 {[%emt 0:06:14]} Be7 {[%emt 0:15:12]} 16. exd5 {[%emt 0:02:56]} Nxd5 {[%emt 0:00:40]} 17. Nxd5 {[%emt 0:00:05]} Bxd5 {[%emt 0:00:07]} 18. Be2 {[%emt 0:00:12]} O-O {[%emt 0:00:59]} 19. Rhe1 {[%emt 0:03:55]} Nb6 {[%emt 0:02:50]} 20. Be5 {[%emt 0:04:34]} Na4 {[%emt 0:13:11]} 21. Nb3 {[%emt 0:08:09]} Bh4 {[%emt 0:05:13]} 22. Rf1 {[%emt 0:02:03]} Bf6 {[%emt 0:00:24]} 23. Qd4 {[%emt 0:06:32]} Bxe5 {[%emt 0:01:06]} 24. Qxe5 {[%emt 0:00:05]} Nb6 {[%emt 0:04:20]} 25. Nd2 {[%emt 0:05:57]} Rc5 {[%emt 0:07:10]} 26. Qe3 {[%emt 0:02:46]} Qc7 {[%emt 0:00:03]} 27. Bd3 {[%emt 0:02:04]} Rc8 {[%emt 0:00:06]} 28. Rc1 {[%emt 0:03:25]} Nc4 {[%emt 0:01:27]} 29. Bxc4 {[%emt 0:01:48]} Bxc4 {[%emt 0:03:52]} 30. Nxc4 {[%emt 0:00:16]} Rxc4 {[%emt 0:00:01]} 31. Rf2 {[%emt 0:00:29]} b4 {[%emt 0:00:06]} 32. Rd2 {[%emt 0:02:09]} a5 {[%emt 0:01:10]} 33. Qd3 {[%emt 0:00:32]} bxa3 {[%emt 0:00:26]} 34. Qxa3 {[%emt 0:00:08]} h6 {[%emt 0:00:25]} 35. Qd6 {[%emt 0:01:48]} Qb7 {[%emt 0:00:12]} 36. f4 {[%emt 0:00:56]} Qe4 {[%emt 0:01:02]} 37. Rf2 {[%emt 0:01:04]} Qe3 {[%emt 0:05:11]} 38. Rcf1 {[%emt 0:00:32]} Qe4 {[%emt 0:00:02]} 39. Rc1 {[%emt 0:00:06]} Rb4 {[%emt 0:00:23]} 40. Qd3 {[%emt 0:00:00]} Rxb2+ {[%emt 0:00:00]} 41. Kxb2 {[%emt 0:17:00]} Qb4+ {[%emt 0:19:27]} 42. Ka2 {[%emt 0:03:33]} Rc3 {[%emt 0:00:03]} 43. Qxc3 {[%emt 0:00:21]} Qxc3 {[%emt 0:00:02]} 44. Rd1 {[%emt 0:01:27]} Qc4+ {[%emt 0:03:29]} 45. Kb1 {[%emt 0:02:51]} Kh7 {[%emt 0:00:31]} 46. Rd3 {[%emt 0:01:25]} Qe4 {[%emt 0:04:42]} 47. Rff3 {[%emt 0:01:34]} h5 {[%emt 0:03:23]} 48. h3 {[%emt 0:02:36]} Kg6 {[%emt 0:04:56]} 49. Kb2 {[%emt 0:03:09]} Kf6 {[%emt 0:00:01]} 50. gxh5 {[%emt 0:02:00]} Qb4+ {[%emt 0:01:34]} 51. Rb3 {[%emt 0:00:25]} Qd4+ {[%emt 0:00:03]} 52. Kc1 {[%emt 0:01:14]} Qd5 {[%emt 0:00:33]} 53. h6 {[%emt 0:01:13]} gxh6 {[%emt 0:00:19]} 54. Rbd3 {[%emt 0:00:22]} Qc5 {[%emt 0:00:18]} 55. Kd2 {[%emt 0:01:14]} Kf5 {[%emt 0:00:11]} 56. Rde3 {[%emt 0:00:51]} Qb4+ {[%emt 0:00:02]} 57. Kc1 {[%emt 0:00:41]} a4 {[%emt 0:00:16]} 58. Kd1 {[%emt 0:00:23]} Qd4+ {[%emt 0:00:37]} 59. Kc1 {[%emt 0:00:13]} Qa1+ {[%emt 0:00:09]} 60. Kd2 {[%emt 0:00:04]} Qb1 {[%emt 0:00:09]} 61. Re5+ {[%emt 0:00:43]} Kf6 {[%emt 0:00:02]} 62. Ree3 {[%emt 0:00:19]} Qb2 {[%emt 0:02:02]} 63. Kd1 {[%emt 0:00:13]} Ke7 {[%emt 0:00:19]} 64. Rd3 {[%emt 0:01:52]} f6 {[%emt 0:00:13]} 65. Rde3 {[%emt 0:01:52]} Kf7 {[%emt 0:01:24]} 66. Kd2 {[%emt 0:01:01]} Qa1 {[%emt 0:00:16]} 67. Rc3 {[%emt 0:01:32]} Kg6 {[%emt 0:00:34]} 68. Rce3 {[%emt 0:00:47]} Qd4+ {[%emt 0:00:02]} 69. Rd3 {[%emt 0:00:07]} Qb4+ {[%emt 0:00:06]} 70. Kd1 {[%emt 0:00:13]} Qc5 {[%emt 0:01:21]} 71. Kd2 {[%emt 0:00:14]} e5 {[%emt 0:00:36]} 72. fxe5 {[%emt 0:00:15]} fxe5 {[%emt 0:00:05]} 73. Rg3+ {[%emt 0:00:19]} Kf5 {[%emt 0:00:08]} 74. Rdf3+ {[%emt 0:00:11]} Ke4 {[%emt 0:01:10]} 75. Re3+ {[%emt 0:00:29]} Kd5 {[%emt 0:00:06]} 76. Rd3+ {[%emt 0:00:06]} Ke6 {[%emt 0:00:05]} 77. Rde3 {[%emt 0:02:44]} Qb4+ {[%emt 0:00:11]} 78. Kd1 {[%emt 0:00:06]} Qd4+ {[%emt 0:00:12]} 79. Kc1 {[%emt 0:01:05]} e4 {[%emt 0:01:25]} 80. Ra3 {[%emt 0:00:19]} Kf5 {[%emt 0:00:08]} 81. Rge3 {[%emt 0:00:17]} h5 {[%emt 0:00:16]} 82. Rec3 {[%emt 0:01:08]} Kf4 {[%emt 0:00:09]} 83. Kb1 {[%emt 0:00:11]} h4 {[%emt 0:00:45]} 84. Kc1 {[%emt 0:00:52]} Ke5 {[%emt 0:01:48]} 85. Re3 {[%emt 0:00:32]} Qc5 {[%emt 0:00:35]} 86. Rec3 {[%emt 0:00:37]} Qg1+ {[%emt 0:00:33]} 87. Kd2 {[%emt 0:00:27]} Qg5+ {[%emt 0:00:27]} 88. Kd1 {[%emt 0:00:28]} Kd4 {[%emt 0:00:17]} 89. Ke1 {[%emt 0:00:37]} Qa5 {[%emt 0:00:37]} 90. Kd2 {[%emt 0:00:29]} e3+ {[%emt 0:01:07]} 0-1

[Event "11th Arad Open 2018"]
[Site "Arad"]
[Date "2018.08.12"]
[Round "9"]
[White "Vrencian, Lehel"]
[Black "Bogdan, Dan"]
[Result "0-1"]
[WhiteElo "2293"]
[BlackElo "2382"]
[Annotator "NA"]
[PlyCount "82"]
[EventDate "2018.08.05"]
[EventType "swiss"]
[EventCountry "ROU"]
[SourceTitle "playchess.com"]
[Source "ChessBase"]
[SourceQuality "1"]
[TimeControl "40/5400+30:1800+30"]

1. e4 {[%emt 0:06:00]} c5 {[%emt 0:00:00]} 2. Nf3 {[%emt 0:00:09]} Nc6 {[%emt 0:01:46]} 3. Bb5 {[%emt 0:00:13]} g6 {[%emt 0:01:43]} 4. O-O {[%emt 0:00:13]} Bg7 {[%emt 0:00:10]} 5. Re1 {[%emt 0:00:12]} e5 {[%emt 0:00:10]} 6. c3 {[%emt 0:01:20]} Nge7 {[%emt 0:00:30]} 7. d4 {[%emt 0:05:21]} cxd4 {[%emt 0:01:46]} 8. cxd4 {[%emt 0:00:06]} exd4 {[%emt 0:00:04]} 9. e5 {[%emt 0:04:38]} a6 {[%emt 0:05:48]} 10. Ba4 {[%emt 0:08:48]} O-O {[%emt 0:04:23]} 11. Bg5 {[%emt 0:01:51]} b5 {[%emt 0:03:38]} 12. Bb3 {[%emt 0:00:54]} h6 {[%emt 0:01:08]} 13. Bxe7 {[%emt 0:03:53]} Qxe7 {[%emt 0:01:47]} 14. Nxd4 {[%emt 0:20:15]} Nxd4 {[%emt 0:08:42]} 15. Qxd4 {[%emt 0:00:06]} d6 {[%emt 0:02:04]} 16. f4 {[%emt 0:04:01]} dxe5 {[%emt 0:03:44]} 17. fxe5 {[%emt 0:00:05]} Be6 {[%emt 0:03:52]} 18. Nc3 {[%emt 0:03:45]} Rad8 {[%emt 0:01:41]} 19. Qe3 {[%emt 0:10:00]} Rfe8 {[%emt 0:02:04]} 20. Re2 {[%emt 0:05:29]} b4 {[%emt 0:09:38]} 21. Ne4 {[%emt 0:04:22]} Bxb3 {[%emt 0:01:20]} 22. Qxb3 {[%emt 0:00:41]} Bxe5 {[%emt 0:01:34]} 23. Rae1 {[%emt 0:01:26]} Bd4+ {[%emt 0:04:28]} 24. Kh1 {[%emt 0:00:17]} Kg7 {[%emt 0:00:51]} 25. Nd6 {[%emt 0:03:56]} Qxd6 {[%emt 0:04:41]} 26. Rxe8 {[%emt 0:00:13]} Rxe8 {[%emt 0:00:06]} 27. Rxe8 {[%emt 0:00:09]} Qf6 {[%emt 0:00:16]} 28. Qf3 {[%emt 0:11:11]} Qg5 {[%emt 0:00:36]} 29. Re1 {[%emt 0:01:44]} Bxb2 {[%emt 0:00:40]} 30. Rf1 {[%emt 0:00:31]} Bf6 {[%emt 0:00:21]} 31. Qc6 {[%emt 0:02:32]} a5 {[%emt 0:00:25]} 32. h3 {[%emt 0:00:24]} h5 {[%emt 0:00:58]} 33. Qc4 {[%emt 0:01:06]} Qg3 {[%emt 0:01:50]} 34. Qa6 {[%emt 0:00:34]} Be5 {[%emt 0:00:09]} 35. Kg1 {[%emt 0:00:17]} Qh2+ {[%emt 0:00:56]} 36. Kf2 {[%emt 0:00:01]} Bd4+ {[%emt 0:00:13]} 37. Kf3 {[%emt 0:00:14]} h4 {[%emt 0:00:30]} 38. Qb7 {[%emt 0:00:44]} Qg3+ {[%emt 0:00:16]} 39. Ke4 {[%emt 0:01:17]} Qe5+ {[%emt 0:02:27]} 40. Kf3 {[%emt 0:00:00]} Qe3+ {[%emt 0:00:00]} 41. Kg4 {[%emt 0:15:39]} Qg3# 0-1

[Event "11th Arad Open 2018"]
[Site "Arad"]
[Date "2018.08.12"]
[Round "9"]
[White "Patrascu, Catalin-Lucian"]
[Black "Miloi, Pavel-Dan"]
[Result "1/2-1/2"]
[WhiteElo "2286"]
[BlackElo "2047"]
[Annotator "TA"]
[PlyCount "24"]
[EventDate "2018.08.05"]
[EventType "swiss"]
[EventCountry "ROU"]
[SourceTitle "playchess.com"]
[Source "ChessBase"]
[SourceQuality "1"]

{[%evp 9,24,0,9,-8,0,-39,-8,-47,13,8,16,-8,66,54,49,0,-16]} 1. e4 c5 2. Nf3 e6 3. b3 a6 4. Bd3 (4. Bb2 Nc6 5. Be2 d5 6. exd5 exd5 7. d4 Nf6 8. O-O Be7 9. dxc5 O-O 10. c4 Bxc5 11. Nc3 dxc4 12. Bxc4 Bg4 13. Nd5 Nxd5 14. Bxd5 {0-1 (29) Vachier Lagrave,M (2795)-Grischuk,A (2750) chess.com INT 2017}) 4... d6 5. O-O Nc6 6. Re1 {B40: Sicilian: 2...e6, Unusual lines} e5 7. c3 $146 ({Predecessor:} 7. h3 g6 8. Bc4 Bg7 9. d3 Nge7 10. a4 Rb8 {½-½ (10) Certic,B (2388)-Andrejic,V (2224) Belgrade 2014}) 7... Be7 (7... g5 $5 {[%cal Rg5g4]} 8. Rf1 h5 $11) 8. h3 Nf6 (8... h5 $15) 9. Bf1 O-O 10. d4 b5 (10... exd4 $11 11. cxd4 d5) 11. a4 b4 12. cxb4 (12. d5 $14 Na5 13. Bd2) 12... cxd4 {Precision: White = 15%, Black = 33%.} 1/2-1/2

[Event "11th Arad Open 2018"]
[Site "Arad"]
[Date "2018.08.12"]
[Round "9"]
[White "Terbe, Julianna"]
[Black "Cioara, Andrei-Nestor"]
[Result "1/2-1/2"]
[WhiteElo "2234"]
[BlackElo "2435"]
[Annotator "TA"]
[PlyCount "64"]
[EventDate "2018.08.05"]
[EventType "swiss"]
[EventCountry "ROU"]
[SourceTitle "playchess.com"]
[Source "ChessBase"]
[SourceQuality "1"]

{[%evp 20,64,39,40,30,53,60,33,37,27,42,42,43,43,57,42,47,16,19,0,5,8,7,0,8,0,28,0,20,0,3,-3,0,-19,-15,-18,-25,-15,-8,-30,-16,-33,0,0,0,0,0]} 1. e4 c5 2. Nf3 g6 3. c4 Bg7 4. d4 Qa5+ 5. Nc3 Nf6 6. Bd3 cxd4 7. Nxd4 Nc6 8. Nb3 {A40: Verschiedene (seltene) Antworten auf 1.d4} (8. Nde2 O-O 9. O-O Ng4 10. Nf4 Nge5 11. Be2 Nd4 12. Bd2 Qd8 13. Be3 Nec6 14. Bd3 d6 15. Rc1 Bd7 {1-0 (63) Jakovenko,D (2713)-Kokarev,D (2639) Ekaterinburg 2013}) 8... Qd8 9. Be3 d6 10. f3 O-O 11. O-O {LiveBook: 3 Partien} Be6 12. Rc1 $146 ({Vorgänger:} 12. Be2 Na5 13. Nd5 Nxb3 14. Qxb3 Nd7 15. Rad1 Nc5 {1-0 (33) Ionescu,C (2504)-Moldovan,D (2432) Baile Tusnad 2001}) 12... a5 13. Nb5 Nd7 14. N3d4 Nxd4 15. Nxd4 Nc5 16. b3 Bd7 17. Be2 Qb6 18. Qd2 Qb4 {[#] Droht stark ...Dxd2.} 19. Rc2 {[%cal Bc1c2,Bc2d2,Bd2d3][%mdl 32]} (19. Nb5 {with more complications.} Qxd2 20. Bxd2 a4 21. b4 Bxb5 22. bxc5 Bd4+ 23. Kh1) 19... Qxd2 20. Rxd2 Rfc8 21. Rb1 Ne6 22. Nc2 Nc5 23. Nd4 Ne6 24. Nc2 Bc3 25. Rd3 Be5 26. Na3 Nf4 27. Rd2 Nxe2+ 28. Rxe2 Bc3 29. Rd1 a4 {[#] Und weiter mit ...axb3 wäre nett.} 30. Rc1 axb3 31. Rxc3 Rxa3 32. Rxb3 Rxb3 {Precision: Weiß = 39%, Schwarz = 45%.} 1/2-1/2

[Event "11th Arad Open 2018"]
[Site "Arad"]
[Date "2018.08.12"]
[Round "9"]
[White "Dinu, Dumitru-Daniel"]
[Black "Kristofori, Attila"]
[Result "1-0"]
[WhiteElo "2225"]
[BlackElo "2041"]
[Annotator "NA"]
[PlyCount "45"]
[EventDate "2018.08.05"]
[EventType "swiss"]
[EventCountry "ROU"]
[SourceTitle "playchess.com"]
[Source "ChessBase"]
[SourceQuality "1"]
[TimeControl "40/5400+30:1800+30"]

1. e4 c5 2. d4 cxd4 3. c3 Nc6 4. cxd4 d5 5. Nc3 e6 6. e5 Qb6 7. Nf3 Bd7 8. Be2 Nge7 9. Na4 Qc7 10. O-O Nf5 11. g4 Nh6 12. h3 Ng8 13. Be3 f6 14. Rc1 Qa5 15. a3 Nxe5 16. dxe5 Bxa4 17. Qd4 Bd7 18. b4 Qd8 19. Rc2 fxe5 20. Qxe5 Ne7 21. Bd3 Nc6 22. Qh5+ g6 23. Bxg6+ {Ne7 Be4+} 1-0

[Event "11th Arad Open 2018"]
[Site "Arad"]
[Date "2018.08.12"]
[Round "9"]
[White "Zubcu, Vlad-George"]
[Black "Trifan, Andrei Ioan"]
[Result "1/2-1/2"]
[WhiteElo "2202"]
[BlackElo "2308"]
[Annotator "NA"]
[PlyCount "47"]
[EventDate "2018.08.05"]
[EventType "swiss"]
[EventCountry "ROU"]
[SourceTitle "playchess.com"]
[Source "ChessBase"]
[SourceQuality "1"]
[TimeControl "40/5400+30:1800+30"]

1. d4 {[%emt 0:00:00]} Nf6 {[%emt 0:00:24]} 2. Nc3 {[%emt 0:00:05]} d5 {[%emt 0:01:27]} 3. Bg5 {[%emt 0:00:04]} a6 {[%emt 0:02:49]} 4. Bxf6 {[%emt 0:01:11]} gxf6 {[%emt 0:03:36]} 5. e4 {[%emt 0:00:11]} dxe4 {[%emt 0:01:55]} 6. Nxe4 {[%emt 0:00:07]} Qd5 {[%emt 0:02:19]} 7. Nc3 {[%emt 0:01:31]} Qd6 {[%emt 0:02:46]} 8. Nf3 {[%emt 0:04:23]} f5 {[%emt 0:06:33]} 9. Bd3 {[%emt 0:04:52]} Bg7 {[%emt 0:02:21]} 10. Ne2 {[%emt 0:01:30]} Nc6 {[%emt 0:05:10]} 11. c3 {[%emt 0:01:34]} e6 {[%emt 0:10:44]} 12. Qc2 {[%emt 0:02:10]} Bd7 {[%emt 0:02:03]} 13. O-O-O {[%emt 0:01:35]} O-O-O {[%emt 0:02:37]} 14. Kb1 {[%emt 0:01:08]} Ne7 {[%emt 0:03:15]} 15. Nd2 {[%emt 0:02:23]} Ng6 {[%emt 0:04:26]} 16. Nc4 {[%emt 0:03:37]} Qd5 {[%emt 0:10:32]} 17. Ne3 {[%emt 0:00:29]} Qd6 {[%emt 0:03:35]} 18. d5 {[%emt 0:01:45]} Qc5 {[%emt 0:04:30]} 19. b4 {[%emt 0:05:53]} Qe7 {[%emt 0:03:42]} 20. f4 {[%emt 0:00:17]} Bh6 {[%emt 0:03:15]} 21. g3 {[%emt 0:00:25]} Ne5 {[%emt 0:00:45]} 22. Nxf5 {[%emt 0:09:55]} exf5 {[%emt 0:00:34]} 23. fxe5 {[%emt 0:00:04]} Qxe5 {[%emt 0:01:09]} 24. Rhf1 {[%emt 0:00:38]} 1/2-1/2

[Event "11th Arad Open 2018"]
[Site "Arad"]
[Date "2018.08.12"]
[Round "9"]
[White "Kelly, Ladislau-Endre"]
[Black "Secheres, Adrian-Simion"]
[Result "0-1"]
[WhiteElo "2173"]
[BlackElo "2407"]
[Annotator "NA"]
[PlyCount "68"]
[EventDate "2018.08.05"]
[EventType "swiss"]
[EventCountry "ROU"]
[SourceTitle "playchess.com"]
[Source "ChessBase"]
[SourceQuality "1"]
[TimeControl "40/5400+30:1800+30"]

1. e4 {[%emt 0:00:00]} c5 {[%emt 0:00:00]} 2. Nc3 {[%emt 0:00:00]} e6 {[%emt 0:00:34]} 3. f4 {[%emt 0:00:06]} d5 {[%emt 0:00:21]} 4. Nf3 {[%emt 0:00:11]} dxe4 {[%emt 0:00:28]} 5. Nxe4 {[%emt 0:00:07]} Nc6 {[%emt 0:00:04]} 6. g3 {[%emt 0:02:25]} Be7 {[%emt 0:04:15]} 7. Bg2 {[%emt 0:00:12]} Nh6 {[%emt 0:02:07]} 8. O-O {[%emt 0:01:35]} Qc7 {[%emt 0:03:23]} 9. b3 {[%emt 0:00:39]} Bd7 {[%emt 0:04:40]} 10. Bb2 {[%emt 0:00:13]} f6 {[%emt 0:00:24]} 11. Qe2 {[%emt 0:03:51]} O-O {[%emt 0:02:05]} 12. Nf2 {[%emt 0:02:57]} Rae8 {[%emt 0:02:54]} 13. Nd3 {[%emt 0:16:02]} Bd6 {[%emt 0:03:10]} 14. Rae1 {[%emt 0:02:19]} b6 {[%emt 0:04:12]} 15. Qd1 {[%emt 0:09:11]} Nf7 {[%emt 0:08:24]} 16. Re3 {[%emt 0:13:49]} b5 {[%emt 0:05:19]} 17. Rfe1 {[%emt 0:07:35]} c4 {[%emt 0:03:01]} 18. Nf2 {[%emt 0:00:24]} Bc5 {[%emt 0:03:42]} 19. d4 {[%emt 0:01:22]} cxd3 {[%emt 0:02:04]} 20. Rxd3 {[%emt 0:00:11]} Qb6 {[%emt 0:03:41]} 21. Re2 {[%emt 0:01:59]} Bc8 {[%emt 0:01:17]} 22. a3 {[%emt 0:08:13]} e5 {[%emt 0:05:26]} 23. Rc3 {[%emt 0:16:10]} e4 {[%emt 0:08:08]} 24. Rxc5 {[%emt 0:02:20]} exf3 {[%emt 0:01:18]} 25. Rxe8 {[%emt 0:00:22]} Rxe8 {[%emt 0:00:11]} 26. Rxc6 {[%emt 0:02:25]} Qxc6 {[%emt 0:00:07]} 27. Bxf3 {[%emt 0:00:06]} Qc7 {[%emt 0:00:41]} 28. Bd5 {[%emt 0:04:24]} Bb7 {[%emt 0:03:36]} 29. c4 {[%emt 0:00:13]} Bxd5 {[%emt 0:00:59]} 30. cxd5 {[%emt 0:01:20]} Qd7 {[%emt 0:00:56]} 31. Qd4 {[%emt 0:01:14]} Rd8 {[%emt 0:00:44]} 32. Ne4 {[%emt 0:02:52]} Qxd5 {[%emt 0:00:46]} 33. Nxf6+ {[%emt 0:01:06]} gxf6 {[%emt 0:00:06]} 34. Qxf6 {[%emt 0:00:02]} Qd1+ {[%emt 0:00:15]} 0-1

[Event "11th Arad Open 2018"]
[Site "Arad"]
[Date "2018.08.12"]
[Round "9"]
[White "Rusan, Paul-Cristian"]
[Black "Abramovic, Bosko"]
[Result "1/2-1/2"]
[WhiteElo "2161"]
[BlackElo "2400"]
[Annotator "NA"]
[PlyCount "61"]
[EventDate "2018.08.05"]
[EventType "swiss"]
[EventCountry "ROU"]
[SourceTitle "playchess.com"]
[Source "ChessBase"]
[SourceQuality "1"]
[TimeControl "40/5400+30:1800+30"]

1. e4 {[%emt 0:00:00]} c5 {[%emt 0:00:00]} 2. Nf3 {[%emt 0:00:00]} d6 {[%emt 0:01:22]} 3. d4 {[%emt 0:00:07]} cxd4 {[%emt 0:00:07]} 4. Nxd4 {[%emt 0:00:04]} Nf6 {[%emt 0:00:05]} 5. Nc3 {[%emt 0:00:05]} g6 $14 {[%emt 0:00:32] LiveBook: 13967 Partien} 6. Be3 {[%emt 0:00:57]} Bg7 {[%emt 0:00:09]} 7. f3 {[%emt 0:00:11]} a6 {[%emt 0:01:01]} 8. Qd2 {[%emt 0:01:05]} h5 {[%emt 0:00:10]} 9. O-O-O {[%emt 0:00:32]} Nbd7 {[%emt 0:00:14]} 10. Bc4 {[%emt 0:03:51]} b5 {[%emt 0:00:19]} 11. Bd5 {[%emt 0:00:19]} Nxd5 {[%emt 0:00:15]} 12. exd5 {[%emt 0:00:20]} Bb7 {[%emt 0:00:18]} 13. a3 {[%emt 0:05:54]} Rc8 {[%emt 0:01:14]} 14. Rhe1 {[%emt 0:00:38]} Nf6 {[%emt 0:00:19]} 15. Bg5 {[%emt 0:00:32]} O-O {[%emt 0:00:12]} 16. Kb1 {[%emt 0:01:12]} Qd7 {[%emt 0:00:35]} 17. h3 {[%emt 0:02:07]} Rfe8 {[%emt 0:00:47]} 18. g4 {[%emt 0:00:45]} hxg4 {[%emt 0:05:45]} 19. hxg4 {[%emt 0:00:54]} Nxd5 {[%emt 0:00:04]} 20. Nxd5 {[%emt 0:00:24]} Bxd5 {[%emt 0:00:07]} 21. Rh1 {[%emt 0:11:21]} e6 {[%emt 0:13:25]} 22. Qh2 {[%emt 0:14:45]} Qc7 {[%emt 0:05:57]} 23. Qh4 {[%emt 0:10:04]} f6 {[%emt 0:02:29]} 24. Bxf6 {[%emt 0:00:40]} Bxf6 {[%emt 0:00:08]} 25. Qxf6 {[%emt 0:00:06]} Qg7 {[%emt 0:00:26]} 26. Qg5 {[%emt 0:02:26]} Kf7 {[%emt 0:00:10]} 27. Qf4+ {[%emt 0:04:40]} Ke7 {[%emt 0:00:14]} 28. Qg5+ {[%emt 0:02:10]} Kf7 {[%emt 0:00:09]} 29. Qf4+ {[%emt 0:00:23]} Ke7 {[%emt 0:00:15]} 30. Qg5+ {[%emt 0:00:06]} Kf7 {[%emt 0:00:06]} 31. Qf4+ 1/2-1/2